DI HUJUNG MUNCUNG MESINGAN : (Record no. 177419)

MARC details
000 -LEADER
fixed length control field 01216pam a2200349 i 4500
001 - CONTROL NUMBER
control field vtls000732489
003 - CONTROL NUMBER IDENTIFIER
control field PNM
005 - DATE AND TIME OF LATEST TRANSACTION
control field 20200603160240.0
008 - FIXED-LENGTH DATA ELEMENTS--GENERAL INFORMATION
fixed length control field 140205s2014 my bo e 000 0 may
015 ## - NATIONAL BIBLIOGRAPHY NUMBER
National bibliography number M14-07253
020 ## - INTERNATIONAL STANDARD BOOK NUMBER
International Standard Book Number 9789831249413
Terms of availability RM19.90
-- RM10.00 (Harga Denda Bahan Hadiah)
Qualifying information paperback
039 #9 - LEVEL OF BIBLIOGRAPHIC CONTROL AND CODING DETAIL [OBSOLETE]
Level of rules in bibliographic description 201408181142
Level of effort used to assign nonsubject heading access points irfah
Level of effort used to assign subject headings 201407161115
Level of effort used to assign classification amin
Level of effort used to assign subject headings 201406191104
Level of effort used to assign classification n_shuhada
Level of effort used to assign subject headings 201402071157
Level of effort used to assign classification norhidayah
040 ## - CATALOGING SOURCE
Original cataloging agency BNM
Language of cataloging eng
Transcribing agency BNM
Description conventions rda
Modifying agency PPAK
049 ## - LOCAL HOLDINGS (OCLC)
Holding library mal
082 04 - DEWEY DECIMAL CLASSIFICATION NUMBER
Classification number 910.4
Edition number 23
090 00 - LOCALLY ASSIGNED LC-TYPE CALL NUMBER (OCLC); LOCAL CALL NUMBER (RLIN)
Classification number (OCLC) (R) ; Classification number, CALL (RLIN) (NR) 910.4
Feature heading FAH
Feature heading G
100 0# - MAIN ENTRY--PERSONAL NAME
Personal name Fahmi Faiz,
Dates associated with a name 1985-,
Relator term author.
245 10 - TITLE STATEMENT
Title DI HUJUNG MUNCUNG MESINGAN :
Remainder of title SEBUAH Travelog /
Statement of responsibility, etc. FAHMI FAIZ ; Editor Syamel Yusoff
264 #1 - PRODUCTION, PUBLICATION, DISTRIBUTION, MANUFACTURE, AND COPYRIGHT NOTICE
Place of production, publication, distribution, manufacture Shah Alam, Selangor :
Name of producer, publisher, distributor, manufacturer GRUP BUKU KARANGKRAF SDN. BHD.,
Date of production, publication, distribution, manufacture, or copyright notice 2014
300 ## - PHYSICAL DESCRIPTION
Extent 399 pages :
Other physical details maps, photographs ;
Dimensions 22 cm
336 ## - CONTENT TYPE
Content type term text
Source rdacontent
337 ## - MEDIA TYPE
Media type term unmediated
Source rdamedia
338 ## - CARRIER TYPE
Carrier type term volume
Source rdacarrier
504 ## - BIBLIOGRAPHY, ETC. NOTE
Bibliography, etc. note Bibliography: pages 396-399.
600 00 - SUBJECT ADDED ENTRY--PERSONAL NAME
Personal name Fahmi Faiz
Form subdivision Anecdotes
650 10 - SUBJECT ADDED ENTRY--TOPICAL TERM
Topical term or geographic name entry element Travelers' writings, Malaysian
651 #0 - SUBJECT ADDED ENTRY--GEOGRAPHIC NAME
Geographic name Mindanao Island (Philippines)
General subdivision Description and travel
700 0# - ADDED ENTRY--PERSONAL NAME
Personal name Syamel Yusoff,
Relator term editor.
942 ## - ADDED ENTRY ELEMENTS (KOHA)
Source of classification or shelving scheme Dewey Decimal Classification
Koha item type Book
949 ## - LOCAL PROCESSING INFORMATION (OCLC)
6 2000234573
6 2000235194
Holdings
Withdrawn Not for loan Current library Shelving location Date acquired Total Checkouts Total Renewals Full call number Barcode Date last seen Date last checked out Koha item type
    Perpustakaan Alor Setar Pinjaman Dewasa 16/07/2020 7 2 910.4 FAH A00738760 12/08/2025 16/07/2025 Book
    Perpustakaan Awam Sungai Petani Pinjaman Dewasa 16/07/2020 1 1 910.4 FAH A00738761 20/01/2021 14/12/2020 Book
    Perpustakaan Jitra Pinjaman Dewasa 16/07/2020 5 1 910.4 FAH A00738762 05/09/2023 05/08/2023 Book